000 00416nam a2200181Ia 4500
005 20250423101528.0
008 250422s9999 xx 000 0 und d
020 _a81- 7808- 330- 2
050 _aQA 76.73 .J3825/
100 _aEckel, Bruce
245 0 _aThinking in java
250 _a2nd ed.
260 _aSingapore
260 _bPearson education ltd
260 _c2000
300 _a1124 p
942 _cBK
999 _c36555
_d36555